000 00467nam a2200181Ia 4500
003 GCL
008 140319s9999 xx 000 0 eng d
040 _aGCL /
_cGCL
082 0 4 _a170
_bM E
100 1 _aMIDGLEY, MARY
245 1 0 _aTHE ETHICAL PRIMATE: HUMANS, FREEDOM AND MORTALITY /
_cMIDGLEY, MARY
260 _a[S.N] :
_bROUTLEDGE ،
_c1994
300 _a193 P
650 0 4 _aPHILOSOPHY
650 0 4 _aETHICS
650 0 4 _aMORAL PHILOSOPHY
942 _2ddc
_cBK
999 _c14093
_d14093